Engineering management (Record no. 170698)

000 -LEADER
fixed length control field 00346nam a2200133Ia 4500
008 - FIXED-LENGTH DATA ELEMENTS--GENERAL INFORMATION
fixed length control field 220217s9999||||xx |||||||||||||| ||und||
020 ## - INTERNATIONAL STANDARD BOOK NUMBER
International Standard Book Number 81-7808-084-2
082 ## - DEWEY DECIMAL CLASSIFICATION NUMBER
Classification number 658 MAZ
100 ## - MAIN ENTRY--PERSONAL NAME
Personal name Mazda, Friadoon
9 (RLIN) 3016
245 #0 - TITLE STATEMENT
Title Engineering management
260 ## - PUBLICATION, DISTRIBUTION, ETC.
Place of publication, distribution, etc. Pearson education
Name of publisher, distributor, etc. New Delhi
Date of publication, distribution, etc. 2000
300 ## - PHYSICAL DESCRIPTION
Other physical details 325
650 ## - SUBJECT ADDED ENTRY--TOPICAL TERM
Topical term or geographic name entry element MANAGEMENT
Holdings
Withdrawn status Lost status Damaged status Not for loan Collection code Home library Current library Shelving location Date acquired Full call number Barcode Date last seen Price effective from Koha item type
        Computer Science and Engineering Central Library Central Library Book Cart 02/18/2022 658 MAZ 5887 02/18/2022 02/18/2022 Books

Powered by Koha